01316nam a2200385 i 450000100060000000300080000600500170001400600190003100700150005000800410006502000180010602000270012403500230015103500240017403500250019803500210022304000310024405000210027508000110029608200120030710000210031924500850034026400410042530000410046633600310050733700330053833800430057158801280061465000410074265000270078365000140081065000170082465500270084185600620086836859FlNmELB20241216221443.0m o d | cr cnu||||||||161213s2016 ag o 000 0 spa d z9789870000000 a9781512932522 (e book) a(MiAaPQ)EBC4676044 a(Au-PeEL)EBL4676044 a(CaPaEBR)ebr11259595 a(OCoLC)984802955 aFINmELBbspaerdacFINmELB 4aT58.5bA945 2016 a005.940 a0042231 aAvalos, Mariano.10aTIC :bcómo diseñar un ambiente educativo y tecnológico /cMariano Avalos. 1aBuenos Aires :bSB Editorial,c2016. a1 recurso en línea (140 páginas) atextobtxt2rdacontent/spa acomputadorabc2rdamedia/spa arecurso en líneabcr2rdacarrier/spa aDescripción basada en recurso en línea; Título de la página del título en PDF (e-libro, visto December 13, 2016). 0aInformation technology in education. 0aInternet in education. 4aInternet. 4aEducación. 4aLibros electrónicos.40uhttps://elibro.net/ereader/politecnicointernacional/77098